| 000 | 00432nam a22001817a 4500 | ||
|---|---|---|---|
| 005 | 20200520110010.0 | ||
| 008 | 200520b xxu||||| |||| 00| 0 eng d | ||
| 020 | _a9788174734273 | ||
| 041 | _aeng | ||
| 082 | _a615.7 RAM | ||
| 100 |
_aRambabu, Dr. K _95573 |
||
| 245 | _aFundmentals of Biochmistry | ||
| 250 | _a2'nd | ||
| 260 |
_aDelhi _bAITB PUBLISHERS _c2019 |
||
| 300 | _a532.viii | ||
| 650 |
_aPharmacy _95574 |
||
| 942 | _cBK | ||
| 999 |
_c6308 _d6306 |
||